Top 30 najlepszych skoczków Pucharu Świata 2024/25 - Statystyki

Ogólne statystyki
  • Ten quiz został rozwiązany 117 razy
  • Średni wynik to 25 z 30
Statystyki odpowiedzi
Miejsce Zwodnik Kraj Punkty % Poprawnych
3 Stefan Kraft Austria 1290
99%
10 Domen Prevc Słowenia 776
98%
9 Ryoyu Kobayashi Japonia 910
97%
4 Anze Lanisek Słowenia 1056
96%
2 Jan Hoerl Austria 1652
96%
14 Paweł Wąsek Polska 612
95%
6 Gregor Deschwanden Szwajcaria 996
93%
20 Aleksander Zniszczoł Polska 267
91%
7 Andreas Wellinger Niemcy 989
91%
1 Daniel Tschofenig Austria 1805
91%
29 Władimir Zografski Bułgaria 165
91%
8 Johann Andre Forfang Norwegia 955
90%
23 Artti Aigro Estonia 245
89%
13 Karl Geiger Niemcy 638
89%
5 Pius Paschke Niemcy 1006
89%
17 Marius Lindvik Norwegia 474
86%
19 Ren Nikaido Japonia 444
86%
16 Timi Zajc Słowenia 572
84%
28 Kevin Bickner USA 171
82%
12 Kristoffer Eriksen Sundal Norwegia 678
81%
22 Tate Frantz USA 266
80%
18 Manuel Fettner Austria 458
77%
27 Valentin Foubert Francja 173
77%
11 Maximilian Ortner Austria 726
76%
25 Naoki Nakamura Japonia 212
76%
20 Halvor Egner Granerud Norwegia 267
74%
24 Philipp Raimund Niemcy 242
73%
30 Lovro Kos Słowenia 158
71%
15 Michael Hayboeck Austria 587
69%
26 Benjamin Oestvold Norwegia 211
45%
Nie znaleziono quizów pasujących do podanych kryteriów
Rozkład punktacji
Procent ludzi z każdym wynikiem
Percentyl według liczby udzielonych odpowiedzi
Twoja historia wyników
Nie rozwiązałeś tego quizu